Zápis zo sekcie štátnych vedeckých knižníc na II. celoštátnom sjazde.

Uložené v:
Podrobná bibliografia
Médium: Kniha
Jazyk:Slovak
Vydané: Bratislava : Univerzitná knižnica, 1959.
Vydanie:1. vyd.
ISBN: (brož.)
Fyzický popis: 49 s.
Tagy: Pridať tag
Žiadne tagy, Buďte prvý kto otaguje tento záznam!

MARC

LEADER 00000nam a2200000 a 4500
001 000201321
005 20101013183215.0
008 040101s1959 xo e slood
020 |a (brož.) 
040 |a SVKKK  |b slo  |c SVKKK  |e AACR2 
041 0 |a slo 
044 |a xo  |c SK 
245 0 0 |a Zápis zo sekcie štátnych vedeckých knižníc na II. celoštátnom sjazde. 
250 |a 1. vyd. 
260 |a Bratislava :  |b Univerzitná knižnica,  |c 1959. 
300 |a 49 s. 
910 |a svkkk 
998 |a BK 
090 |g SCKHL  |k Sklad Pribinova 3. posch.  |a V.25390  |j 154792  |i 2720864925  |s Prezenčne 
090 |g SCKHL  |k Sklad Pribinova 3. posch.  |a V.25391  |j 154793  |i B204201  |s Vyradená